01006nam a2200265Ia 4500001000600000003000900006008004100015040001300056040001300069041001300082100001600095100002900111245010500140245010500245250001100350260001600361260002100377260004900398300004300447500015400490650001700644650003100661700002000692700002800712 1948IT-RoPAU130308s9999 xx 000 0 und d aIT-RoPAU cIT-RoPAU aITALIANO aDe Luca Ugo gCodice Aut. SPICS: 7374 a"Catalogo dei periodici abruzzesi posseduti dalla biblioteca provinciale ""A.C. de Meis"" di Chieti" b"Catalogo dei Periodici Abruzzesi Posseduti Dalla Biblioteca Provinciale ""A.C. de Meis"" di Chieti" a1a ed. aFRANCAVILLA bEdizioni Paoline c1971 [1° Ed.:1971 - Ed.Ling.Originale:1971] a"300 p. (prefazione: no ; testo: 300)" aSchede bibliografiche dei Periodici Abruzzesi indice dei Direttori redattori Gerenti responsabili indice cronologico Di. fondazione indice topologico aBIBLIOGRAFIA eCodice materia Spics: 2001 aZuccarini Mario gCodice Aut. SPICS: 3303